Livros Bíblicos de A-Z - Statistics

Estatísticas Gerais
  • Esse quiz foi jogado 68 vezes
  • A pontuação média é 15 de 19
Estatísticas das Respostas
Letra Livros % Correto
J Jeremias +8
95%
A Ageu +4
93%
L Lamentações / Levítico / Lucas
93%
M Macabeus +4
92%
E Eclesiastes +5
88%
P Provérbios / Pedro
88%
G Gálatas / Gênesis
87%
S Salmos +3
85%
D Daniel / Deuteronômio
82%
R Reis / Romanos / Rute
80%
T Tessalonicenses +3
80%
C Cânticos +3
78%
Z Zacarias
78%
F Filemon / Filipenses
73%
N Naum / Neemias / Números
73%
H Habacuque / Hebreus
68%
O Obadias / Oséias
58%
I Isaías
57%
B Baruc
13%
Nenhum quiz correspondente encontrado
Distribuição das Pontuações
Porcentagem de Pessoas com Cada Pontuação
Percentil de Números Respondidos
Sua Pontuação Histórica
Você não jogou esse quiz